[Event "XV Carlos Torre"]
[Site "Merida MEX"]
[Date "2002.12.16"]
[Round "4"]
[White "Russek,G"]
[Black "Fontaine,A"]
[Result "1-0"]
[WhiteElo "2371"]
[BlackElo "2195"]
[EventDate "2002.12.13"]

1. e4 g6 2. d4 Bg7 3. c3 d6 4. Bg5 Nf6 5. Bd3 O-O 6. Nd2 c6 7. Ngf3 Nbd7 8.
O-O e5 9. Re1 a6 10. a4 Qc7 11. h3 Re8 12. dxe5 dxe5 13. a5 Nc5 14. Bf1 Nh5
15. Be3 Bf8 16. b4 Ne6 17. Nc4 Nef4 18. Bb6 Qe7 19. Ncxe5 Be6 20. Nc4 Rad8
21. Bxd8 Rxd8 22. Nd4 c5 23. bxc5 Bxc4 24. Bxc4 Qg5 25. Qf3 Bxc5 26. Rad1
Rf8 27. Qg4 Qxg4 28. hxg4 Ng7 29. Nb3 Nfe6 30. Rd7 b5 31. axb6 Bxb6 32.
Bxa6 Bc7 33. Bb7 h5 34. gxh5 Nxh5 35. Nd4 Bb6 36. Rb1 Bc5 37. e5 Nhf4 38.
Bf3 Ng5 39. Rb5 Ba3 40. Ra7 Bc1 41. Ra2 Rd8 42. Rb1 Nxf3+ 43. Nxf3 Rd1+ 44.
Kh2 Nd3 45. g3 g5 46. e6 Kg7 47. e7 Ne1 48. Nxe1 1-0

[Event "XV Carlos Torre"]
[Site "Merida MEX"]
[Date "2002.12.16"]
[Round "4"]
[White "Huerta,R"]
[Black "Baldursson,Hr"]
[Result "1-0"]
[WhiteElo "2288"]
[BlackElo "2100"]
[EventDate "2002.12.13"]

1. e4 d6 2. d4 Nf6 3. Nc3 g6 4. f4 Bg7 5. a3 c6 6. Nf3 Bg4 7. h3 Bxf3 8.
Qxf3 O-O 9. Be3 Nbd7 10. Bd3 Ne8 11. O-O Rc8 12. Ne2 c5 13. c3 e5 14. Rad1
Qb6 15. dxe5 dxe5 16. f5 Qc6 17. c4 Nd6 18. Nc3 gxf5 19. exf5 e4 20. Bxe4
Nxe4 21. Nxe4 Bxb2 22. Rd6 Qc7 23. f6 Ne5 24. Qh5 Ng6 25. Qh6 1-0

[Event "XV Carlos Torre"]
[Site "Merida MEX"]
[Date "2002.12.16"]
[Round "4"]
[White "Gongora Montes,B"]
[Black "Valverde,R"]
[Result "1/2-1/2"]
[WhiteElo "2269"]
[BlackElo "2216"]
[EventDate "2002.12.13"]

1. d4 Nf6 2. Nf3 c5 3. d5 d6 4. Nc3 g6 5. e4 Bg7 6. Be2 O-O 7. O-O Na6 8.
Bg5 Nc7 9. a4 h6 10. Bh4 b6 11. Nd2 e5 12. Bd3 Qd7 13. Bxf6 Bxf6 14. Qe2 a6
15. Rfb1 a5 16. Nc4 Rb8 17. Ra3 Ba6 18. Nxe5 Bxe5 19. Bxa6 Nxa6 20. Qxa6 f5
21. Qe2 Rbe8 22. f3 Qd8 23. Nb5 Qf6 24. Nc7 Re7 25. Ne6 Rff7 26. exf5 Bd4+
27. Kh1 Qxf5 28. Qe4 Qxe4 29. fxe4 Rf2 30. c3 Ref7 31. g3 Be5 32. Rb3 Re2
33. Rxb6 Rff2 34. Rb8+ Kh7 35. Rb7+ Kg8 36. Rb8+ 1/2-1/2

[Event "XV Carlos Torre"]
[Site "Merida MEX"]
[Date "2002.12.16"]
[Round "4"]
[White "Hidalgo,M"]
[Black "Hernandez,T"]
[Result "1-0"]
[WhiteElo "2079"]
[BlackElo "2250"]
[EventDate "2002.12.13"]

1. e4 c5 2. Nf3 d6 3. d4 cxd4 4. Nxd4 Nf6 5. Nc3 a6 6. Bc4 e6 7. Bb3 Nbd7
8. O-O Nc5 9. f4 Be7 10. Qf3 O-O 11. Be3 b5 12. Nc6 Qc7 13. e5 Bb7 14.
Nxe7+ Qxe7 15. exf6 Qxf6 16. Qf2 b4 17. Ne2 Nxb3 18. cxb3 Qxb2 19. Bd4 Qc2
20. Rfc1 Qg6 21. Rc7 Bd5 22. Rac1 a5 23. Ng3 Qg4 24. Nf1 Be4 25. Ne3 Qg6
26. Nc4 Rfd8 27. Bb6 h5 28. Nxa5 Rdb8 29. Nc6 Bxc6 30. R7xc6 Ra6 31. Rxd6
Kh7 32. Bc7 Rba8 33. Rxa6 Rxa6 34. Qc2 Qxc2 35. Rxc2 Kg6 36. Rc4 Rxa2 37.
Rxb4 f6 38. Rb6 Kf5 39. b4 Ra4 40. Kf2 Ra2+ 41. Kg3 Ra3+ 42. Kh4 Ra2 43.
Kh3 Rb2 44. Rb5+ Ke4 45. Bd6 g6 46. Be7 Kxf4 47. Bxf6 Rb3+ 48. g3+ Kf3 49.
Be7 Re3 50. Rc5 Rb3 51. b5 Rb2 52. Re5 Rb3 53. Bd8 Kf2 54. b6 Rb2 55. Rxe6
Kg1 56. Re1+ Kf2 57. Bf6 Rb4 58. Re7 h4 59. b7 hxg3 60. hxg3 1-0

[Event "XV Carlos Torre"]
[Site "Merida MEX"]
[Date "2002.12.16"]
[Round "4"]
[White "Ramirez,H"]
[Black "Hernandez,C"]
[Result "1-0"]
[WhiteElo "2208"]
[BlackElo "2210"]
[EventDate "2002.12.13"]

1. e4 d6 2. d4 Nf6 3. f3 e6 4. c4 c6 5. Nc3 g6 6. Be3 Bg7 7. Qd2 O-O 8.
Nge2 e5 9. O-O-O Qb6 10. dxe5 Nxe4 11. fxe4 Qa6 12. Qxd6 Qxc4 13. Nd4 Bxe5
14. Qxe5 Nd7 15. Qe7 Qc5 16. Nf5 Qxe7 17. Nxe7+ Kg7 18. Nxc8 Raxc8 19. Rxd7
b5 20. Bxa7 Rfe8 21. Bc5 Rg8 22. Bd4+ Kh6 23. Bf6 g5 24. e5 Rgf8 25. Bd3 g4
26. Bf5 c5 27. g3 b4 28. h3 Kh5 29. hxg4+ 1-0

[Event "XV Carlos Torre"]
[Site "Merida MEX"]
[Date "2002.12.16"]
[Round "4"]
[White "Rosas Garcia,C"]
[Black "Schaffenburg Ruiz,F"]
[Result "0-1"]
[WhiteElo "2002"]
[BlackElo "2163"]
[EventDate "2002.12.13"]

1. e4 e6 2. d4 d5 3. Nd2 c5 4. dxc5 Bxc5 5. exd5 Qxd5 6. Ngf3 Nf6 7. Bc4
Qc6 8. O-O Nbd7 9. Qe2 O-O 10. Rd1 a6 11. Nb3 b5 12. Bd3 Bb7 13. Nxc5 Nxc5
14. Bg5 Rad8 15. Qe5 Rd5 16. Qg3 Nce4 17. Bxe4 Nxe4 18. Qg4 h5 19. Qh3 Nxg5
0-1

[Event "XV Carlos Torre"]
[Site "Merida MEX"]
[Date "2002.12.17"]
[Round "5"]
[White "Filippov,Va"]
[Black "Lalic,B"]
[Result "1/2-1/2"]
[WhiteElo "2615"]
[BlackElo "2542"]
[EventDate "2002.12.13"]

1. Nf3 d5 2. d4 Nf6 3. c4 e6 4. g3 dxc4 5. Bg2 Nc6 6. Qa4 Bb4+ 7. Bd2 Nd5
8. Bxb4 Ndxb4 9. Ne5 O-O 10. Nxc6 Nxc6 11. e3 e5 12. d5 Ne7 13. Nc3 Bd7 14.
Qxc4 c6 15. d6 Nf5 16. Qc5 Qb6 17. Qa3 c5 18. O-O Bc6 19. Bxc6 Qxc6 20. d7
Rfd8 21. Rfd1 Nd6 22. Rd5 Nb5 23. Qxc5 Nxc3 24. bxc3 Qxc5 25. Rxc5 Rxd7 26.
Rxe5 Rc8 27. c4 g6 28. Ra5 Rxc4 29. Rxa7 Rc2 30. Rf1 Rdd2 31. Rxb7 Rxa2 32.
Rb4 h5 33. Kg2 Kg7 34. Rf4 Rdb2 35. Rc1 Rc2 36. Rxc2 Rxc2 37. Kf3 Ra2 38.
Rd4 Rb2 39. Rd1 g5 40. e4 g4+ 41. Ke3 f6 42. Rd2 Rb3+ 43. Kd4 Kf7 44. Rc2
Rb4+ 45. Kd3 Rb3+ 46. Rc3 Rb1 47. Rc5 Kg6 48. Rc6 Kg7 49. Rc2 Rh1 50. f4
gxf3 51. Ke3 Rf1 52. Rf2 Rg1 53. Kxf3 Kg6 54. Rd2 Rf1+ 55. Ke3 Re1+ 56. Kd4
Kf7 57. Kd5 Ra1 58. Kd4 Re1 59. Rg2 Ra1 60. g4 hxg4 61. Rxg4 Ra4+ 62. Kd5
Ra5+ 63. Kc6 Rh5 64. h4 1/2-1/2

[Event "XV Carlos Torre"]
[Site "Merida MEX"]
[Date "2002.12.17"]
[Round "5"]
[White "Dominguez,L"]
[Black "Arencibia,W"]
[Result "1/2-1/2"]
[WhiteElo "2608"]
[BlackElo "2521"]
[EventDate "2002.12.13"]

1. e4 g6 2. d4 Bg7 3. Nc3 c6 4. Nf3 d6 5. h3 Nd7 6. Be3 Qb6 7. a3 Ngf6 8.
Bd3 O-O 9. O-O Qc7 10. Qd2 a6 11. Ne2 e5 12. Ng3 exd4 13. Nxd4 Re8 14. Bh6
Bh8 15. Qf4 Ne5 16. Rad1 Qb6 1/2-1/2

[Event "XV Carlos Torre"]
[Site "Merida MEX"]
[Date "2002.12.17"]
[Round "5"]
[White "Ehlvest,J"]
[Black "Gonzalez,JC"]
[Result "1/2-1/2"]
[WhiteElo "2600"]
[BlackElo "2517"]
[EventDate "2002.12.13"]

1. Nf3 c5 2. b3 d6 3. Bb2 Nd7 4. c4 Ngf6 5. g3 g6 6. Bg2 Bg7 7. O-O O-O 8.
Nc3 a6 9. d4 Rb8 10. dxc5 Nxc5 11. Nd4 1/2-1/2

[Event "XV Carlos Torre"]
[Site "Merida MEX"]
[Date "2002.12.17"]
[Round "5"]
[White "Garcia,Gild"]
[Black "Kogan,Ar"]
[Result "1/2-1/2"]
[WhiteElo "2480"]
[BlackElo "2529"]
[EventDate "2002.12.13"]

1. e4 c6 2. d4 d5 3. Nc3 dxe4 4. Nxe4 Bf5 5. Ng3 Bg6 6. Nf3 Nd7 7. h4 h6 8.
h5 Bh7 9. Bd3 Bxd3 10. Qxd3 e6 11. Bf4 Qa5+ 12. Bd2 Qc7 13. O-O-O Ngf6 14.
Ne4 Be7 15. g3 Nxe4 16. Qxe4 O-O-O 17. Bf4 Qa5 18. Kb1 Nf6 19. Qe5 Qxe5 20.
Nxe5 Rhf8 21. f3 c5 1/2-1/2

[Event "XV Carlos Torre"]
[Site "Merida MEX"]
[Date "2002.12.17"]
[Round "5"]
[White "Ramirez,Al"]
[Black "Gulko,B"]
[Result "0-1"]
[WhiteElo "2421"]
[BlackElo "2594"]
[EventDate "2002.12.13"]

1. e4 c5 2. Nf3 Nc6 3. d4 cxd4 4. Nxd4 Nf6 5. Nc3 d6 6. Be2 g6 7. O-O Bg7
8. Be3 O-O 9. h3 Bd7 10. Qd2 a6 11. a4 Rc8 12. f4 Nxd4 13. Bxd4 Bc6 14. Bf3
e5 15. Be3 exf4 16. Bxf4 Re8 17. Rfe1 Nd7 18. a5 Ne5 19. Be2 b5 20. axb6
Qxb6+ 21. Kh1 Bb7 22. Rab1 Qb4 23. Bf1 Nc4 24. Bxc4 Qxc4 25. Qxd6 Bxc3 26.
bxc3 Rxe4 27. Be5 Re8 28. Rxe4 Qxe4 29. Rxb7 Qxe5 30. Qxe5 Rxe5 31. Ra7 a5
32. Kh2 Kg7 33. h4 Re4 34. Kh3 a4 35. g3 Rc4 36. Kg2 Kf6 37. Kf2 h5 38. Kg2
Ke6 39. Kh3 Kd5 40. Kg2 Kc5 41. Ra8 Kb5 42. Rb8+ Ka6 43. Ra8+ Kb7 44. Ra5
Kb6 45. Ra8 f5 46. Kf2 f4 47. gxf4 Rxf4+ 48. Ke3 Rxh4 49. Kd3 g5 50. c4 a3
51. c3 g4 52. Rxa3 g3 53. c5+ Kxc5 54. Ke2 Rh2+ 55. Kf1 h4 56. Kg1 Rb2 57.
c4 Kxc4 58. Rf3 Kd4 59. Ra3 Rd2 0-1

[Event "XV Carlos Torre"]
[Site "Merida MEX"]
[Date "2002.12.17"]
[Round "5"]
[White "Gonzalez Garcia,J"]
[Black "Hernandez,Gi"]
[Result "0-1"]
[WhiteElo "2416"]
[BlackElo "2546"]
[EventDate "2002.12.13"]

1. e4 c5 2. Nf3 d6 3. d4 cxd4 4. Nxd4 Nf6 5. Nc3 Nc6 6. f3 Qb6 7. Nb3 e6 8.
Qe2 a6 9. g4 Qc7 10. Be3 b5 11. O-O-O Rb8 12. g5 Nd7 13. Qf2 Nce5 14. Nd4
Be7 15. Rg1 Nc5 16. f4 Nc4 17. Bxc4 bxc4 18. e5 dxe5 19. fxe5 Qb6 20. Ndb5
axb5 21. Rd6 Bxd6 22. exd6 Qc6 23. Bxc5 b4 24. Ne2 Rb5 25. Be3 e5 26. Rd1
O-O 0-1

[Event "XV Carlos Torre"]
[Site "Merida MEX"]
[Date "2002.12.17"]
[Round "5"]
[White "Mitkov,N"]
[Black "Russek,G"]
[Result "1-0"]
[WhiteElo "2529"]
[BlackElo "2371"]
[EventDate "2002.12.13"]

1. e4 e6 2. d4 d5 3. Nc3 Bb4 4. e5 c5 5. a3 Bxc3+ 6. bxc3 Ne7 7. Qg4 Kf8 8.
h4 Qa5 9. Bd2 Qa4 10. Qd1 b6 11. h5 h6 12. c4 Ba6 13. cxd5 Bxf1 14. Kxf1
Nxd5 15. dxc5 Qc4+ 16. Qe2 Qxe2+ 17. Kxe2 bxc5 18. Nf3 Nd7 19. Rab1 Ke7 20.
c4 N5b6 21. Rhc1 Rab8 22. Rb5 Rhc8 23. Be3 Rc6 24. Nd2 a6 25. Ra5 Nc8 26.
f4 Rb2 27. Kd3 f5 28. Rb1 Rxb1 29. Nxb1 Rb6 30. Kc2 Na7 31. Rxc5 Nc6 32.
Nc3 Kd8 33. Na4 Nxc5 34. Nxb6 Ne4 35. Na4 Kd7 36. Kd3 Kd8 37. g4 Ke8 38.
Bb6 Kd7 39. Bd4 Ke8 40. gxf5 exf5 41. e6 Kf8 42. Nc5 Nxc5+ 43. Bxc5+ Ke8
44. e7 1-0

[Event "XV Carlos Torre"]
[Site "Merida MEX"]
[Date "2002.12.17"]
[Round "5"]
[White "Garcia Martinez,S"]
[Black "Lobron,E"]
[Result "1/2-1/2"]
[WhiteElo "2382"]
[BlackElo "2500"]
[EventDate "2002.12.13"]

1. e4 c5 2. Nf3 Nc6 3. d4 cxd4 4. Nxd4 e5 5. Nb5 d6 6. c4 Be7 7. N1c3 a6 8.
Na3 f5 9. Nc2 Nf6 10. exf5 Bxf5 11. Ne3 Be6 12. Ned5 Nd4 13. Be3 Bxd5 14.
cxd5 Nf5 15. Qb3 Nxe3 16. fxe3 O-O 17. Be2 Nd7 18. Ne4 Rc8 19. Bg4 Nc5 20.
Nxc5 Rxc5 21. Rf1 Bf6 22. Kf2 Rb5 23. Qa4 Bg5+ 24. Kg1 Bxe3+ 25. Kh1 Rxb2
26. Qa3 Rxf1+ 27. Rxf1 Rf2 28. Rxf2 Bxf2 29. Be6+ Kh8 30. Qb2 Bb6 31. Qc2
Bc5 32. Qf5 b5 33. Qf7 e4 34. Bf5 e3 35. Qh5 g6 36. Bxg6 Qe7 37. Bxh7 Qxh7
38. Qe8+ Qg8 39. Qh5+ Qh7 40. Qe8+ Kg7 41. Qe7+ Kg6 42. Qe4+ Kg7 43. Qe7+
Kh8 1/2-1/2

[Event "XV Carlos Torre"]
[Site "Merida MEX"]
[Date "2002.12.17"]
[Round "5"]
[White "Peric,Sl"]
[Black "Aldama,D"]
[Result "1/2-1/2"]
[WhiteElo "2282"]
[BlackElo "2443"]
[EventDate "2002.12.13"]

1. d4 Nf6 2. Nf3 e6 3. e3 b6 4. Bd3 Bb7 5. O-O Be7 6. c4 d5 7. Nc3 Nbd7 8.
Qe2 Ne4 9. cxd5 exd5 10. Ba6 Nxc3 11. bxc3 Qc8 12. Bxb7 Qxb7 13. a4 O-O 14.
Ba3 Rfe8 15. Bxe7 Rxe7 16. c4 c5 17. Rfd1 cxd4 18. Nxd4 Nf6 19. cxd5 Qxd5
20. Qb5 Rd7 21. h3 Rc8 22. Rac1 Rxc1 23. Rxc1 h6 24. Rc8+ Kh7 25. f3 Qg5
26. Qxg5 hxg5 27. Kf2 g6 28. Ke2 Nd5 29. Kd3 Kg7 30. g3 Ne7 31. Ra8 Nf5 32.
g4 Nxd4 33. exd4 Kf6 34. Kc4 Ke6 35. Re8+ Kd6 36. Re5 Rc7+ 37. Kd3 f6 38.
Re8 Rh7 39. Rd8+ Ke6 40. Re8+ Kf7 41. Ra8 Rxh3 42. Rxa7+ Ke6 43. Kc4 Rxf3
44. Rb7 f5 45. Rxb6+ Kf7 46. Rb7+ Kf6 47. Rb6+ Kg7 48. Rb1 Ra3 49. Kb4 Rd3
50. Kc5 Ra3 1/2-1/2

[Event "XV Carlos Torre"]
[Site "Merida MEX"]
[Date "2002.12.17"]
[Round "5"]
[White "Martin del Campo,R"]
[Black "Huerta,R"]
[Result "1-0"]
[WhiteElo "2421"]
[BlackElo "2288"]
[EventDate "2002.12.13"]

1. e4 e6 2. d4 d5 3. e5 c5 4. c3 Qb6 5. Nf3 Nc6 6. Bd3 cxd4 7. cxd4 Bd7 8.
O-O Nxd4 9. Ng5 Be7 10. Nc3 Qd8 11. Qg4 Nf5 12. Nxe6 fxe6 13. Bxf5 Kf7 14.
Qh5+ Kf8 15. Bxh7 Bf6 16. Be3 Rc8 17. Bd4 Rc4 18. Rad1 Qe7 19. Rfe1 Be8 20.
Qh3 Bf7 21. Nxd5 Rxd4 22. Nxe7 Rxd1 23. Rxd1 Bxe7 24. Qd3 1-0

[Event "XV Carlos Torre"]
[Site "Merida MEX"]
[Date "2002.12.17"]
[Round "5"]
[White "Szekely,P"]
[Black "Garcia,Ri"]
[Result "1-0"]
[WhiteElo "2417"]
[BlackElo "2275"]
[EventDate "2002.12.13"]

1. Nf3 f5 2. g3 Nf6 3. Bg2 d6 4. d4 g6 5. O-O Bg7 6. Nbd2 O-O 7. Re1 Nbd7
8. e4 fxe4 9. Nxe4 Nxe4 10. Rxe4 e5 11. dxe5 Nxe5 12. Nxe5 Bxe5 13. c3 c6
14. Bh6 Bg7 15. Bxg7 Kxg7 16. Qd4+ Qf6 17. Re7+ Rf7 18. Qxf6+ Kxf6 19. Re8
Re7 20. Rf8+ Kg7 21. Rd8 d5 22. Bh3 Bxh3 23. Rxa8 a6 24. Rb8 Kf6 25. f3 Re2
26. Rxb7 Rg2+ 27. Kh1 Re2 28. Rxh7 Bg2+ 29. Kg1 Bxf3 30. h3 Rg2+ 31. Kf1
Rxb2 32. Rc7 Bg2+ 33. Ke1 Bxh3 34. Rxc6+ Ke5 35. Rd1 Rxa2 36. Rxg6 Ke4 37.
Rg7 Bf5 38. Re7+ Kf3 39. Rxd5 Be4 40. Rde5 1-0

[Event "XV Carlos Torre"]
[Site "Merida MEX"]
[Date "2002.12.17"]
[Round "5"]
[White "Schaffenburg Ruiz,F"]
[Black "Estrada Nieto,J"]
[Result "1/2-1/2"]
[WhiteElo "2163"]
[BlackElo "2345"]
[EventDate "2002.12.13"]

1. e4 e5 2. Nf3 Nc6 3. Bb5 a6 4. Bxc6 dxc6 5. h3 Qd6 6. d4 exd4 7. Qxd4
Qxd4 8. Nxd4 Bd7 9. Be3 Ne7 10. Nc3 O-O-O 11. O-O-O Ng6 12. f4 Bb4 13. Nde2
Rhe8 14. a3 Bf8 15. Rd2 c5 16. Rhd1 Bc6 17. Rxd8+ Rxd8 18. Rxd8+ Kxd8 19.
g3 Kd7 20. Kd2 b5 21. e5 h5 22. h4 Ke6 23. b3 Kf5 24. Ke1 a5 25. a4 b4 26.
Nd1 Bb7 27. Nf2 Ke6 28. Nh3 f6 29. exf6 gxf6 30. Nf2 Bd6 31. Nd3 Be4 32.
Kd2 Bxd3 33. Kxd3 Kd5 34. c4+ Kc6 1/2-1/2

[Event "XV Carlos Torre"]
[Site "Merida MEX"]
[Date "2002.12.17"]
[Round "5"]
[White "Valverde,R"]
[Black "Martin del Campo,J"]
[Result "1/2-1/2"]
[WhiteElo "2216"]
[BlackElo "2346"]
[EventDate "2002.12.13"]

1. e4 c5 2. Nf3 d6 3. d4 cxd4 4. Nxd4 Nf6 5. Nc3 Nc6 6. Bg5 e6 7. Qd2 Be7
8. O-O-O O-O 9. f4 Nxd4 10. Qxd4 Qa5 11. g4 Rd8 12. Qd2 b5 13. Kb1 b4 14.
Bxf6 Bxf6 15. Ne2 Bb7 16. Bg2 Rac8 17. Nd4 Qc7 18. Rc1 a5 19. g5 Bxd4 20.
Qxd4 e5 21. Qe3 exf4 22. Qxf4 Qe7 23. Rhe1 Rc5 24. h4 Re5 25. Rcd1 Re8 26.
Rd4 g6 27. b3 Bc6 28. Rf1 Bb5 29. Rfd1 Bc6 30. Rf1 Bb7 31. Re1 Bc6 32. Rf1
Ba8 33. Kb2 Rc5 34. Rxd6 Re5 35. Rd4 Bc6 36. Kb1 Bd7 37. Qf6 Qxf6 38. Rxf6
Be6 39. Rf2 Rc8 40. a3 bxa3 41. Ka2 Kg7 42. Kxa3 Rc3 43. Kb2 Rg3 44. c4 Rg4
45. Bh3 Rgxe4 1/2-1/2

[Event "XV Carlos Torre"]
[Site "Merida MEX"]
[Date "2002.12.17"]
[Round "5"]
[White "Navarro,R"]
[Black "Ramirez,H"]
[Result "1-0"]
[WhiteElo "2289"]
[BlackElo "2208"]
[EventDate "2002.12.13"]

1. e4 c5 2. Nf3 Nc6 3. d4 cxd4 4. Nxd4 Nf6 5. Nc3 e6 6. Ndb5 d6 7. Bf4 e5
8. Bg5 a6 9. Na3 b5 10. Nd5 Be7 11. Bxf6 Bxf6 12. c3 O-O 13. Nc2 Bg5 14. h4
Bh6 15. g4 Bf4 16. Qf3 Be6 17. Nxf4 Qf6 18. g5 Qxf4 19. Qxf4 exf4 20. O-O-O
Rfd8 21. b3 Bg4 22. Re1 Ne5 23. Nd4 Rac8 24. Kb2 d5 25. exd5 Rxd5 26. Re4
Rdc5 27. b4 Rd5 28. Rxf4 Bh5 29. Rh3 Nd7 30. Bg2 Rd6 31. Nf5 Rd2+ 32. Kc1
Rd1+ 33. Kc2 Re1 34. Re4 Rxe4 35. Bxe4 Re8 36. Re3 Kf8 37. Ng3 Bg6 38. Bxg6
Rxe3 39. fxe3 hxg6 40. Kd3 Ke7 41. Kd4 Kd6 42. Ne4+ Kc6 43. Nc5 Nf8 44.
Nxa6 Ne6+ 45. Kd3 f5 46. gxf6 gxf6 47. Nc5 Ng7 48. Nb3 g5 49. Nd4+ Kb6 50.
hxg5 fxg5 51. Ke4 Nh5 52. Ne2 g4 53. Kf5 g3 54. Kg5 1-0

[Event "XV Carlos Torre"]
[Site "Merida MEX"]
[Date "2002.12.17"]
[Round "5"]
[White "Leon Hoyos,M"]
[Black "Hidalgo,M"]
[Result "1-0"]
[WhiteElo "2261"]
[BlackElo "2079"]
[EventDate "2002.12.13"]

1. e4 e5 2. Nf3 Nf6 3. Nxe5 d6 4. Nf3 Nxe4 5. Nc3 Nf6 6. d4 Be7 7. Bf4 Bg4
8. h3 Bh5 9. Qd2 d5 10. g4 Bg6 11. Ne5 Nbd7 12. f3 c6 13. O-O-O Nf8 14. h4
h6 15. Bh3 N6d7 16. Rhe1 Nxe5 17. Bxe5 Ne6 18. f4 Bxh4 19. f5 Bxe1 20. Rxe1
O-O 21. fxe6 Qh4 22. exf7+ Rxf7 23. Rh1 Raf8 24. Nd1 b6 25. Rh2 Re8 26. b3
c5 27. Bg2 Qd8 28. Nc3 Be4 29. Nxe4 dxe4 30. Bxe4 cxd4 31. Rh5 g5 32. Qh2
Rf1+ 33. Kb2 Qe7 34. Bd5+ Kf8 35. Bd6 1-0

[Event "XV Carlos Torre"]
[Site "Merida MEX"]
[Date "2002.12.17"]
[Round "5"]
[White "Vega,J"]
[Black "Alford,J"]
[Result "1-0"]
[WhiteElo "2253"]
[BlackElo "2183"]
[EventDate "2002.12.13"]

1. e4 c5 2. Nf3 d6 3. c3 Nf6 4. Bd3 g6 5. Bc2 Bg7 6. O-O Nc6 7. Re1 O-O 8.
h3 Ne5 9. d3 Nxf3+ 10. Qxf3 Be6 11. Nd2 Qc7 12. Qe2 d5 13. e5 Nd7 14. Nf3
Rfc8 15. Bf4 b5 16. Ng5 Nf8 17. Nxe6 Nxe6 18. Bg3 b4 19. Ba4 Rab8 20. Qd2
Rb7 21. c4 dxc4 22. dxc4 Qa5 23. Bc2 Rd8 24. Qe3 Rbd7 25. Be4 Rd2 26. a3
Rxb2 27. axb4 Qxb4 28. Rxa7 Bh6 29. f4 Nxf4 30. Kh1 Nxg2 31. Qxh6 Nxe1 32.
Bd5 Qc3 33. e6 Qf6 34. exf7+ Kh8 35. Be5 Rh2+ 36. Kg1 1-0

[Event "XV Carlos Torre"]
[Site "Merida MEX"]
[Date "2002.12.17"]
[Round "5"]
[White "Hernandez,Ya"]
[Black "Guerrero,Ale"]
[Result "1-0"]
[WhiteElo "2234"]
[BlackElo "2020"]
[EventDate "2002.12.13"]

1. e4 g6 2. d4 Bg7 3. c3 d6 4. Bd3 e5 5. Ne2 Nf6 6. O-O O-O 7. f4 exd4 8.
cxd4 Nc6 9. Nbc3 Ng4 10. h3 Nh6 11. f5 gxf5 12. exf5 Qh4 13. Rf4 Qd8 14.
Nd5 f6 15. Rh4 Nxf5 16. Rh5 Nce7 17. Nxe7+ Nxe7 18. Bxh7+ Kf7 19. Qb3+ d5
20. Bh6 Bxh6 21. Rxh6 Qd6 22. Rf1 Kg7 23. Qe3 Bd7 24. Ng3 Be8 25. Bd3 Rf7
26. Nh5+ Kf8 27. Rhxf6 Qb4 28. Qh6+ Kg8 29. Bh7+ Rxh7 30. Rf8+ 1-0

[Event "XV Carlos Torre"]
[Site "Merida MEX"]
[Date "2002.12.17"]
[Round "5"]
[White "Baldursson,Hr"]
[Black "Alayola,J"]
[Result "1-0"]
[WhiteElo "2100"]
[BlackElo "2205"]
[EventDate "2002.12.13"]

1. e4 Nf6 2. e5 Nd5 3. c4 Nb6 4. d4 d6 5. f4 dxe5 6. fxe5 Nc6 7. Be3 Bf5 8.
Nf3 e6 9. Bd3 Bg4 10. Be2 Qd7 11. O-O O-O-O 12. Nbd2 f6 13. exf6 gxf6 14.
Kh1 Qg7 15. a4 Rg8 16. Rf2 a5 17. Rc1 Kb8 18. d5 exd5 19. Bxb6 cxb6 20.
cxd5 Nb4 21. Bc4 Bc5 22. Re2 Nxd5 23. Bxd5 Rxd5 24. Qb3 Rgd8 25. Qc4 Ka7
26. Qf4 Bd6 27. Qe3 Bb4 28. Nc4 Bc5 29. Qf4 Rd1+ 30. Re1 Rxe1+ 31. Rxe1
Bxf3 32. Qxf3 Qg5 33. h3 Qd5 34. Qxf6 Rd7 35. b3 Bd4 36. Qh6 Rg7 37. Qd2
Qc5 38. Rd1 Bf6 39. Nd6 Ka6 40. Qe2+ Ka7 41. Qe8 1-0

[Event "XV Carlos Torre"]
[Site "Merida MEX"]
[Date "2002.12.17"]
[Round "5"]
[White "Hernandez,T"]
[Black "Tey,J"]
[Result "1-0"]
[WhiteElo "2250"]
[BlackElo "2085"]
[EventDate "2002.12.13"]

1. e4 e6 2. d3 d5 3. Nd2 Nf6 4. Ngf3 Bc5 5. Be2 Bxf2+ 6. Kxf2 Ng4+ 7. Kg1
Ne3 8. Qe1 Nxc2 9. Qg3 Nxa1 10. Qxg7 Ke7 11. Nb3 Qf8 12. Bg5+ Ke8 13. Qxf8+
Rxf8 14. Nxa1 f6 15. Bh6 Rg8 16. exd5 exd5 17. Kf2 Nc6 18. Nb3 Nb4 19. Ne5
fxe5 20. Bh5+ Ke7 21. Re1 Bg4 22. Bxg4 Rxg4 23. Rxe5+ Kd6 24. Rf5 Ke6 25.
Rf3 Ke7 26. h4 Rg6 27. Bg5+ Ke8 28. Nc5 a5 29. Re3+ Kf8 30. Nd7+ Kg8 31.
Nf6+ 1-0

[Event "XV Carlos Torre"]
[Site "Merida MEX"]
[Date "2002.12.17"]
[Round "5"]
[White "De Winter,W"]
[Black "Rosas Garcia,C"]
[Result "1-0"]
[WhiteElo "2247"]
[BlackElo "2002"]
[EventDate "2002.12.13"]

1. d4 e6 2. c4 c5 3. d5 exd5 4. cxd5 d6 5. Nc3 Nf6 6. e4 Bd7 7. a4 Na6 8.
Bxa6 bxa6 9. Nge2 Rb8 10. O-O Be7 11. h3 Qc7 12. f4 Rb4 13. e5 dxe5 14.
fxe5 Qxe5 15. Bf4 Rxf4 16. Nxf4 O-O 17. Qf3 Bd6 18. Rae1 Qd4+ 19. Kh1 Rb8
20. Ne4 Nxe4 21. Rxe4 Qf6 22. b3 h6 23. Qe2 Bc7 24. Ne6 Qxf1+ 25. Qxf1 fxe6
26. dxe6 Be8 27. Re3 Rd8 28. Rd3 Rb8 29. Qd1 Bg6 30. Rd7 Bb6 31. Qa1 1-0

[Event "XV Carlos Torre"]
[Site "Merida MEX"]
[Date "2002.12.18"]
[Round "6"]
[White "Gulko,B"]
[Black "Filippov,Va"]
[Result "0-1"]
[WhiteElo "2594"]
[BlackElo "2615"]
[EventDate "2002.12.13"]

1. c4 e6 2. Nf3 d5 3. b3 Nf6 4. g3 d4 5. e3 c5 6. exd4 cxd4 7. Bg2 Nc6 8.
O-O Bd6 9. d3 O-O 10. Re1 e5 11. a3 a5 12. Nbd2 h6 13. c5 Bxc5 14. Nxe5
Nxe5 15. Rxe5 Bg4 16. Bf3 Qc7 17. Re1 Be6 18. Nc4 Nd5 19. Bd2 Nc3 20. Qc2
b5 21. Bf4 Qd8 22. Bxa8 Qxa8 23. Nd2 Rc8 24. Ne4 Bxa3 25. Rxa3 Nxe4 26. Qd1
Nc3 27. Qh5 a4 28. bxa4 b4 29. Raa1 b3 30. Bxh6 b2 31. Rab1 Nxb1 32. Qg5
Kf8 33. Qxg7+ Ke8 34. Qh8+ Kd7 35. Qxd4+ Qd5 36. Qxb2 Nc3 37. Qb4 Qxd3 38.
Re3 Ne2+ 39. Kg2 0-1

[Event "XV Carlos Torre"]
[Site "Merida MEX"]
[Date "2002.12.18"]
[Round "6"]
[White "Arencibia,W"]
[Black "Ehlvest,J"]
[Result "1/2-1/2"]
[WhiteElo "2521"]
[BlackElo "2600"]
[EventDate "2002.12.13"]

1. Nf3 d5 2. c4 c6 3. cxd5 cxd5 4. d4 Nf6 5. Nc3 Nc6 6. Bf4 Bf5 7. e3 e6 8.
Bd3 Bxd3 9. Qxd3 Bd6 10. Bxd6 Qxd6 11. O-O 1/2-1/2

[Event "XV Carlos Torre"]
[Site "Merida MEX"]
[Date "2002.12.18"]
[Round "6"]
[White "Hernandez,Gi"]
[Black "Garcia,Gild"]
[Result "1-0"]
[WhiteElo "2546"]
[BlackElo "2480"]
[EventDate "2002.12.13"]

1. e4 c5 2. Nf3 Nc6 3. Bb5 g6 4. Bxc6 dxc6 5. d3 Bg7 6. h3 Nf6 7. Nc3 O-O
8. Be3 b6 9. Qd2 e5 10. Bh6 Qd6 11. O-O-O Re8 12. Nh2 Bh8 13. f4 exf4 14.
Bxf4 Qe6 15. Rhf1 Nd7 16. Ng4 Bd4 17. Kb1 h5 18. Nh6+ Kg7 19. g4 hxg4 20.
hxg4 Nf6 21. Bg5 Nxg4 22. Rxf7+ Qxf7 23. Nxf7 Kxf7 24. Qf4+ Kg8 25. Qc7 Be6
26. Rh1 Bg7 27. Qxc6 Ne5 28. Qb7 Rab8 29. Qa6 Rf8 30. Qxa7 c4 31. Nd5 Bxd5
32. exd5 cxd3 33. cxd3 Nxd3 34. Bh6 Bxh6 35. Rxh6 Rf1+ 36. Kc2 Ne1+ 37. Kd2
1-0

[Event "XV Carlos Torre"]
[Site "Merida MEX"]
[Date "2002.12.18"]
[Round "6"]
[White "Kogan,Ar"]
[Black "Martin del Campo,R"]
[Result "1-0"]
[WhiteElo "2529"]
[BlackElo "2421"]
[EventDate "2002.12.13"]

1. Nf3 Nf6 2. d4 d6 3. Nc3 Bf5 4. Bg5 Ne4 5. Qd3 Nxg5 6. Qxf5 Nxf3+ 7. Qxf3
c6 8. e4 e6 9. d5 cxd5 10. exd5 e5 11. O-O-O a6 12. h4 Nd7 13. Ne4 Be7 14.
g4 Qa5 15. Kb1 Nc5 16. g5 Rc8 17. Rg1 Na4 18. Qa3 Nc3+ 19. Nxc3 Qxa3 20.
bxa3 Rxc3 21. Rd3 Rxd3 22. Bxd3 g6 23. Rg4 h6 24. Rb4 hxg5 25. hxg5 Bxg5
26. Rxb7 Rh2 27. Rb6 Ke7 28. Rb7+ Kf6 29. Rb6 e4 30. Bxe4 Rxf2 31. Rxa6 Ke5
32. Bd3 Be3 33. Ra8 f5 34. Re8+ Kd4 35. Re6 g5 36. Rxd6 f4 37. Rd8 Rh2 38.
d6 Rh6 39. a4 Kc5 40. d7 1-0

[Event "XV Carlos Torre"]
[Site "Merida MEX"]
[Date "2002.12.18"]
[Round "6"]
[White "Georgiev,Vl"]
[Black "Mitkov,N"]
[Result "1/2-1/2"]
[WhiteElo "2501"]
[BlackElo "2529"]
[EventDate "2002.12.13"]

1. e4 d5 2. exd5 Nf6 3. c4 e6 4. d4 exd5 5. Nc3 Be7 6. Bd3 O-O 7. Nge2 dxc4
8. Bxc4 Nbd7 9. O-O Nb6 10. Bb3 Bf5 11. Bf4 c6 12. h3 h6 13. Qd2 1/2-1/2